000 00446cam a22001337a 4500
008 180718b1995 xxu||||| |||| 00| 0 eng d
100 _aBarnes, Douglas F.
245 _aFrom the world bank journals
_cby Douglas F. Barnes...[et al.]
260 _aWashington, D.C.
_bWorld Bank
_c1995
300 _a326p.
650 _aDeveloping countries --Economic conditions
650 _aDeveloping countries --Economic policy
650 _aEconomic development
999 _c327813
_d327813